[Event "Isle of Man Open"]
[Site "Douglas"]
[Date "28.10.2018"]
[Round "9.30"]
[White "Kosteniuk, Alexandra"]
[Black "Sundararajan, Kidambi"]
[Result "1-0"]
[WhiteTitle "GM"]
[BlackTitle "GM"]
[WhiteElo "2551"]
[BlackElo "2445"]
[WhiteFideId "4128125"]
[BlackFideId "5005370"]
[EventDate "2018.10.20"]

1. e4 e6 2. d4 d5 3. exd5 exd5 4. Nf3 Bd6 5. c4 c6 6. Nc3 Ne7 7. Bd3 O-O 8. O-O
Bc7 9. Re1 Nd7 10. cxd5 Nxd5 11. Nxd5 cxd5 12. Bg5 f6 13. Bd2 Rf7 14. Qa4 a6 15.
Rac1 Bd6 16. Ba5 Qf8 17. Qb3 b6 18. Qxd5 Rb8 19. Bc4 Bb7 20. Qxf7+ Qxf7 21.
Bxf7+ Kxf7 22. Bd2 Nf8 23. Be3 Bd5 24. Nd2 Ne6 25. f3 Bf8 26. b3 Bb4 27. Red1 a5
28. Ne4 Ra8 29. Nc3 Bxc3 30. Rxc3 Ke7 31. Kf2 Kd7 32. g4 h5 33. gxh5 Rh8 34. h6
g5 35. h4 Rxh6 36. hxg5 fxg5 37. Kg3 Rh8 38. Bc1 b5 39. Re1 Kd6 40. Rd3 b4 41.
a3 a4 42. bxa4 Bc4 43. Rde3 b3 44. d5 Bxd5 45. Rd1 Nf4 46. Bb2 Rh4 47. Rxb3 Ne2+
48. Kf2 Rh2+ 49. Ke3 Nf4 50. Rb6+ Kc7 51. Rb5 Re2+ 52. Kd4 Bxf3 53. Rc1+ Kd7 54.
Kc4 Bd5+ 55. Kc5 Bc6 56. Rb3 Rd2 57. Rcc3 Bxa4 58. Rb7+ Ke6 59. Bc1 Rd5+ 60. Kc4
Rd6 61. Bxf4 gxf4 62. Rd3 Rc6+ 63. Kb4 Ra6 64. Rc3 Bd1 65. Rh7 Kf5 66. Rf7+ Kg5
67. Rd3 Ra4+ 68. Kb5 Be2 69. Kxa4 Bxd3 70. Kb4 Kg4 71. Kc3 Bb5 72. Kd2 Kf3 73.
Rb7 Bc6 74. Rb6 Bd7 75. Rd6 Bb5 76. Rd5 Bc6 77. Rc5 Bd7 78. Ke1 Kg3 79. Rc7 Bb5
80. Rg7+ Kf3 81. Ra7 Ke3 82. a4 Bc6 83. a5 f3 84. Rf7 Bb5 85. Rf5 Ba6 86. Rf6
Bc4 87. Rf8 Bb5 88. Rf5 Ba6 89. Re5+ Kd4 90. Re6 Bc4 91. Rc6 Bb5 92. Rc2 Ba4 93.
Ra2 Bc6 94. a6 Kc3 95. a7 Ba8 96. Ra6 Kb4 97. Rb6+ Kc5 98. Rb8 1-0

[Event "Isle of Man Open"]
[Site "Douglas"]
[Date "28.10.2018"]
[Round "9.31"]
[White "Khmelniker, Ilya"]
[Black "Puranik, Abhimanyu"]
[Result "0-1"]
[WhiteTitle "GM"]
[BlackTitle "GM"]
[WhiteElo "2492"]
[BlackElo "2547"]
[WhiteFideId "2805340"]
[BlackFideId "5061245"]
[EventDate "2018.10.20"]

1. c4 c5 2. Nc3 Nc6 3. Nf3 g6 4. g3 Bg7 5. Bg2 d6 6. O-O Bf5 7. h3 Qc8 8. Kh2
Nf6 9. d3 O-O 10. Nh4 Bd7 11. f4 a6 12. Nd5 Qd8 13. Bd2 e6 14. Nxf6+ Bxf6 15.
Nf3 b5 16. Bc3 Bxc3 17. bxc3 Na5 18. cxb5 axb5 19. e4 Nc6 20. e5 Ra3 21. Qd2 Ne7
22. Ng5 d5 23. g4 Qa5 24. Qf2 h6 25. Qxc5 Re8 26. Nf3 Qxc3 27. Qf2 Kg7 28. Rac1
Qa5 29. Qh4 Ng8 30. f5 exf5 31. e6 Bxe6 32. gxf5 Bxf5 33. Qf4 Rxa2 34. Kh1 Ree2
35. Nh4 Qd2 36. Qd4+ Nf6 37. Rc6 Qg5 38. Rxf5 gxf5 39. Rxf6 Qc1+ 40. Kh2 Qc7+
41. Rd6+ Kh7 42. Qxd5 Rxg2+ 43. Nxg2 Ra6 44. Qxf5+ Kg8 0-1

[Event "Isle of Man Open"]
[Site "Douglas"]
[Date "28.10.2018"]
[Round "9.32"]
[White "Mekhitarian, Krikor Sevag"]
[Black "Ravi, Teja S."]
[Result "1-0"]
[WhiteTitle "GM"]
[BlackTitle "IM"]
[WhiteElo "2546"]
[BlackElo "2357"]
[WhiteFideId "2107660"]
[BlackFideId "5017220"]
[EventDate "2018.10.20"]

1. d4 d5 2. c4 c6 3. Nf3 Nf6 4. Nc3 e6 5. Bg5 Nbd7 6. e3 Qa5 7. cxd5 exd5 8. Bd3
Ne4 9. O-O Nxg5 10. Nxg5 Nf6 11. f4 Be7 12. Qc2 Qd8 13. Rae1 g6 14. Nf3 Ng4 15.
f5 Nh6 16. fxg6 hxg6 17. Bxg6 fxg6 18. Qxg6+ Kd7 19. Nxd5 cxd5 20. Ne5+ Kc7 21.
Rc1+ Kb8 22. Rf7 a5 23. Rxe7 Qxe7 24. Qb6 Ra6 25. Nc6+ Ka8 26. Qxa6+ bxa6 27.
Nxe7 Bb7 28. h3 Rh7 29. Ng6 Nf5 30. Kf2 Nd6 31. Nf4 Ne4+ 32. Kf3 Kb8 33. g4 Nd2+
34. Ke2 Ne4 35. Kf3 Rc7 36. Rxc7 Kxc7 37. h4 Kd6 38. Nd3 Bc8 39. Kf4 Nf6 40. Ne5
Nd7 41. Nxd7 Bxd7 42. h5 Ke6 43. h6 Kf7 44. g5 Bh3 45. e4 dxe4 46. Kxe4 Kg6 47.
Ke5 Bf5 48. h7 1-0

[Event "Isle of Man Open"]
[Site "Douglas"]
[Date "28.10.2018"]
[Round "9.33"]
[White "Gormally, Daniel W"]
[Black "Kaidanov, Gregory"]
[Result "1/2-1/2"]
[WhiteTitle "GM"]
[BlackTitle "GM"]
[WhiteElo "2482"]
[BlackElo "2544"]
[WhiteFideId "406465"]
[BlackFideId "2008564"]
[EventDate "2018.10.20"]

1. e4 c5 2. Nf3 Nc6 3. d4 cxd4 4. Nxd4 Nf6 5. Nc3 d6 6. Bg5 e6 7. Qd2 a6 8.
O-O-O Bd7 9. f3 Be7 10. h4 h6 11. Be3 h5 12. Kb1 Rc8 13. Nb3 b5 14. Bg5 Ne5 15.
Qd4 Qc7 16. Be3 O-O 17. Qa7 Qxa7 18. Bxa7 b4 19. Ne2 a5 20. Nf4 a4 21. Nc1 Nc4
22. Bf2 g6 23. Bxc4 Rxc4 24. Rd2 Rb8 25. Nfd3 Rcc8 26. Be3 Bf8 27. Bg5 Nh7 28.
Be3 Nf6 29. Bg5 Nh7 30. Be3 Rb5 31. Ne2 Nf6 1/2-1/2

[Event "Isle of Man Open"]
[Site "Douglas"]
[Date "28.10.2018"]
[Round "9.34"]
[White "Christiansen, Johan-Sebastian"]
[Black "Krishna, C R G"]
[Result "0-1"]
[WhiteTitle "IM"]
[BlackTitle "IM"]
[WhiteElo "2541"]
[BlackElo "2445"]
[WhiteFideId "1512668"]
[BlackFideId "5018625"]
[EventDate "2018.10.20"]

1. e4 e6 2. d4 d5 3. Nc3 Bb4 4. e5 c5 5. a3 Bxc3+ 6. bxc3 Qa5 7. Bd2 Qa4 8. Qg4
Kf8 9. h4 Nc6 10. h5 h6 11. Qd1 Nge7 12. Nf3 cxd4 13. Rh4 b6 14. cxd4 Ba6 15.
Rf4 Ke8 16. Bxa6 Qxa6 17. Nh4 Qa4 18. Kf1 Rc8 19. Kg1 Rc7 20. Kh1 Rg8 21. Qb1 g5
22. hxg6 fxg6 23. Nf3 Nf5 24. c3 g5 25. Rxf5 exf5 26. Qxf5 Ne7 27. Qf6 Qc2 28.
e6 Qf5 29. Qxh6 Ng6 30. Kg1 Rh8 31. Qxg5 Rch7 32. g4 Qxg5 33. Nxg5 Rh1+ 34. Kg2
Rxa1 35. Nf7 Ke7 0-1

[Event "Isle of Man Open"]
[Site "Douglas"]
[Date "28.10.2018"]
[Round "9.35"]
[White "Lomasov, Semyon"]
[Black "Strunski, Andreas"]
[Result "1-0"]
[WhiteTitle "IM"]
[BlackTitle "IM"]
[WhiteElo "2540"]
[BlackElo "2306"]
[WhiteFideId "24164879"]
[BlackFideId "24606073"]
[EventDate "2018.10.20"]

1. e4 c5 2. Nf3 a6 3. c4 e6 4. Nc3 Nc6 5. d4 cxd4 6. Nxd4 Qc7 7. a3 Nf6 8. Be3
Nxd4 9. Qxd4 Ng4 10. Qb6 Bd6 11. O-O-O Bf4 12. Qxc7 Bxc7 13. Bd4 O-O 14. Be2 Ne5
15. c5 Rb8 16. Na4 Nc6 17. Be3 Rd8 18. Kb1 d5 19. cxd6 Rxd6 20. Bb6 Rxd1+ 21.
Rxd1 Bxb6 22. Nxb6 e5 23. Rd6 Kf8 24. Bxa6 Bg4 25. Bxb7 Na5 26. Ba6 Ke7 27. Rd5
Nc6 28. Rb5 Be6 29. Nd5+ Kd6 30. Rxb8 Nxb8 31. Bb7 f5 32. b4 Nd7 33. Kc2 g5 34.
a4 Bxd5 35. Bxd5 Nb6 36. a5 Nxd5 37. exd5 Kxd5 38. a6 Kc6 39. b5+ Kb6 40. g4 1-0

[Event "Isle of Man Open"]
[Site "Douglas"]
[Date "28.10.2018"]
[Round "9.36"]
[White "Prithu, Gupta"]
[Black "Olafsson, Helgi"]
[Result "1-0"]
[WhiteTitle "IM"]
[BlackTitle "GM"]
[WhiteElo "2458"]
[BlackElo "2510"]
[WhiteFideId "46618546"]
[BlackFideId "2300010"]
[EventDate "2018.10.20"]

1. e4 e5 2. Nf3 Nc6 3. Bb5 a6 4. Ba4 Nf6 5. d3 d6 6. c3 g6 7. h3 Bg7 8. Be3 O-O
9. O-O Ne7 10. Nbd2 c5 11. d4 b5 12. Bc2 Nd7 13. a4 Bb7 14. dxe5 dxe5 15. Qe2
Bc6 16. axb5 axb5 17. c4 b4 18. Nb3 Qb6 19. Qd3 Rfd8 20. Rxa8 Bxa8 21. Nxc5 Nxc5
22. Bxc5 Qc7 23. Qe3 Rc8 24. Ra1 Nc6 25. Bb6 Qb8 26. c5 Nd4 27. Nxd4 exd4 28.
Qf3 Qe5 29. Bb3 Qxe4 30. Bxf7+ Kh8 31. Qxe4 Bxe4 32. Be6 Rf8 33. Bd7 Bc2 34. c6
d3 35. Bc5 Bxb2 36. Bxf8 Bxa1 37. c7 d2 38. c8=Q d1=Q+ 39. Kh2 Be5+ 40. g3 Bxg3+
41. Kxg3 Qg1+ 42. Kf3 Qd1+ 43. Kg3 Qg1+ 44. Kf4 Qxf2+ 45. Ke5 Qg3+ 46. Kf6 Qh4+
47. Kf7 Qf4+ 48. Ke7 Qe5+ 49. Be6 Qg5+ 50. Kd6 Qg3+ 51. Kc6 Qc3+ 52. Bc5+ 1-0

[Event "Isle of Man Open"]
[Site "Douglas"]
[Date "28.10.2018"]
[Round "9.38"]
[White "Cornette, Deimante"]
[Black "Jumabayev, Rinat"]
[Result "0-1"]
[WhiteTitle "IM"]
[BlackTitle "GM"]
[WhiteElo "2462"]
[BlackElo "2605"]
[WhiteFideId "12802859"]
[BlackFideId "13702661"]
[EventDate "2018.10.20"]

1. e4 c5 2. Nf3 Nc6 3. d4 cxd4 4. Nxd4 Nf6 5. Nc3 d6 6. f3 e6 7. Be3 h5 8. Qd2
a6 9. O-O-O Bd7 10. Qe1 Qc7 11. Bd3 Ne5 12. Kb1 b5 13. f4 Nxd3 14. cxd3 b4 15.
Nce2 Qb7 16. Ng1 g6 17. Ngf3 Bg7 18. h3 a5 19. Nd2 Qa6 20. Qe2 a4 21. Rc1 O-O
22. Rc7 e5 23. N4f3 Bb5 24. Nc4 d5 25. Ncxe5 a3 26. b3 dxe4 27. Nd4 Nd5 28. Nxb5
Qxb5 29. Rc4 Qxc4 0-1

[Event "Isle of Man Open"]
[Site "Douglas"]
[Date "28.10.2018"]
[Round "9.39"]
[White "Vaibhav, Suri"]
[Black "Merry, Alan B"]
[Result "1-0"]
[WhiteTitle "GM"]
[BlackTitle "IM"]
[WhiteElo "2597"]
[BlackElo "2435"]
[WhiteFideId "5045185"]
[BlackFideId "418811"]
[EventDate "2018.10.20"]

1. d4 Nf6 2. c4 g6 3. g3 Bg7 4. Bg2 O-O 5. Nc3 d6 6. Nf3 Nc6 7. O-O a6 8. b3 e5
9. dxe5 dxe5 10. Bg5 Be6 11. Qc1 Qc8 12. Bh6 Bh3 13. Nd5 Bxg2 14. Kxg2 Ne8 15.
Rd1 f6 16. Bxg7 Nxg7 17. Qc3 Rf7 18. Rd2 Qf8 19. Rad1 Re8 20. b4 e4 21. Ne1 Ne5
22. c5 c6 23. Ne3 f5 24. Nc4 Nxc4 25. Qxc4 e3 26. Rd7 exf2 27. Nf3 Ne6 28. Kxf2
Qg7 29. R7d6 Rfe7 30. Ng5 Qe5 31. Rxe6 Rxe6 32. Nxe6 Rxe6 33. Rd6 Kf7 34. Rd7+
Kf8 35. Rxb7 f4 36. Qd3 fxg3+ 37. hxg3 Kg8 38. a4 a5 39. Qc4 Kh8 40. bxa5 Rf6+
41. Kg2 h5 42. Rb3 Qa1 43. Rf3 Rxf3 44. Kxf3 Qf1+ 45. Ke3 Qe1 46. a6 Qxg3+ 47.
Kd2 Qc7 48. Qb4 g5 49. Kc2 h4 50. Qb2+ Kg8 51. Qf6 Qh7+ 52. Kb2 Qe4 53. Qxg5+
Kf7 54. a7 Qxe2+ 55. Kc3 Qe1+ 56. Qd2 Qa1+ 57. Kb4 Qh8 58. Qd7+ 1-0

[Event "Isle of Man Open"]
[Site "Douglas"]
[Date "28.10.2018"]
[Round "9.40"]
[White "Debashis, Das"]
[Black "Gaponenko, Inna"]
[Result "1-0"]
[WhiteTitle "GM"]
[BlackTitle "IM"]
[WhiteElo "2548"]
[BlackElo "2409"]
[WhiteFideId "5024854"]
[BlackFideId "14101181"]
[EventDate "2018.10.20"]

1. d4 d6 2. Nf3 Nf6 3. c4 g6 4. Nc3 Bg7 5. e4 O-O 6. Be3 c6 7. Be2 e5 8. d5 Ng4
9. Bg5 f6 10. Bh4 h5 11. h3 Nh6 12. O-O c5 13. Ne1 g5 14. Bg3 g4 15. hxg4 Nxg4
16. Nf3 f5 17. exf5 Bxf5 18. Nh4 Bh7 19. Bxg4 hxg4 20. Qxg4 Qd7 21. Qe2 Na6 22.
Ne4 Bh6 23. Rae1 Rad8 24. Qh5 Qg7 25. Nxd6 Rxd6 26. Bxe5 Rdf6 27. Bxf6 Rxf6 28.
Re8+ Rf8 29. Rxf8+ Qxf8 30. Re1 Nc7 31. Ng6 Qf6 32. Qxh6 Bxg6 33. Re3 Qb6 34.
Re7 Ne8 35. Re6 1-0

[Event "Isle of Man Open"]
[Site "Douglas"]
[Date "28.10.2018"]
[Round "9.41"]
[White "Raja, Harshit"]
[Black "Paehtz, Elisabeth"]
[Result "1/2-1/2"]
[WhiteTitle "IM"]
[BlackTitle "IM"]
[WhiteElo "2420"]
[BlackElo "2513"]
[WhiteFideId "5089000"]
[BlackFideId "4641833"]
[EventDate "2018.10.20"]

1. e4 e6 2. d4 d5 3. Nd2 c5 4. exd5 exd5 5. Ngf3 Nc6 6. Bb5 Qe7+ 7. Be2 Qc7 8.
O-O Nf6 9. Re1 Be6 10. dxc5 Bxc5 11. Nb3 Bb6 12. c3 O-O 13. Nbd4 Rfe8 14. h3 a6
15. Be3 Bxh3 16. Bg5 Nxd4 17. Nxd4 Ne4 18. Be3 Bd7 19. Qb3 Nf6 20. Bf3 Ng4 21.
Bxg4 Bxg4 22. Bf4 Qd8 23. Be3 Qd6 24. Nf5 Bxf5 25. Qxb6 Qxb6 26. Bxb6 Re6 27.
Bd4 Rae8 28. Re3 Rxe3 29. Bxe3 f6 30. Rd1 Be6 31. Re1 Kf7 32. a3 g5 33. Bd4 Rc8
34. Re3 h5 1/2-1/2

[Event "Isle of Man Open"]
[Site "Douglas"]
[Date "28.10.2018"]
[Round "9.42"]
[White "Arjun, Kalyan"]
[Black "Dragnev, Valentin"]
[Result "1-0"]
[BlackTitle "GM"]
[WhiteElo "2408"]
[BlackElo "2508"]
[WhiteFideId "35018701"]
[BlackFideId "1634852"]
[EventDate "2018.10.20"]

1. e4 c5 2. Nf3 e6 3. d4 cxd4 4. Nxd4 Nc6 5. Nc3 Qc7 6. Be3 a6 7. Be2 Nf6 8. O-O
Be7 9. f4 d6 10. Qe1 O-O 11. Qg3 Nxd4 12. Bxd4 b5 13. a3 Bb7 14. Kh1 Rad8 15.
Rae1 Bc6 16. Bf3 Qb7 17. Re2 a5 18. Rfe1 g6 19. Qg5 Nxe4 20. Qh6 Nf6 21. Bxc6
Qxc6 22. Ne4 Ne8 23. Re3 f6 24. Ng5 fxg5 25. Rh3 Rf7 26. Qxg6+ Kf8 27. Rxh7 Rxh7
28. Qxh7 Qd5 29. Qh6+ Kg8 30. Qg6+ Kf8 31. Qh6+ Kg8 32. Qg6+ Kf8 33. fxg5 Qxd4
34. Rf1+ Bf6 35. gxf6 Qh4 36. g3 Qh3 37. Kg1 Rd7 38. f7 Ng7 39. Qxg7+ Kxg7 40.
f8=Q+ Kh7 41. Rf7+ Rxf7 42. Qxf7+ Kh6 43. Qf8+ Kh7 44. Qxd6 Qf5 45. Qd2 Kg7 46.
Kg2 b4 47. h3 Qh5 48. axb4 axb4 49. Qd4+ Kf7 50. g4 Qb5 51. Qe4 Qc5 52. h4 Qd6
53. h5 1-0

[Event "Isle of Man Open"]
[Site "Douglas"]
[Date "28.10.2018"]
[Round "9.43"]
[White "Hemant, Sharma2"]
[Black "Kobo, Ori"]
[Result "0-1"]
[WhiteTitle "IM"]
[BlackTitle "GM"]
[WhiteElo "2393"]
[BlackElo "2505"]
[WhiteFideId "5025842"]
[BlackFideId "2812320"]
[EventDate "2018.10.20"]

1. e4 g6 2. c4 Bg7 3. Nc3 c5 4. g3 b6 5. Bg2 Bb7 6. Nge2 Nc6 7. d3 d6 8. Be3 Nf6
9. h3 O-O 10. O-O Nd7 11. Qd2 a6 12. Bh6 e5 13. Bxg7 Kxg7 14. f4 Nd4 15. Rf2 Bc6
16. Raf1 b5 17. b3 f6 18. Nd5 Nxe2+ 19. Qxe2 Bxd5 20. exd5 exf4 21. Rxf4 Ne5 22.
g4 Ra7 23. Be4 a5 24. Qf2 b4 25. d4 cxd4 26. Qxd4 Qe7 27. Bc2 Rc7 28. Qd2 Kg8
29. Qf2 Kg7 30. Qd2 Qd8 31. a3 Rb7 32. a4 Rbf7 33. Qd4 Kg8 34. Kh2 Re8 35. h4
Nd7 36. R1f2 Re5 37. h5 Kg7 38. R4f3 Rg5 39. Rf4 Ne5 40. Bd1 Qe7 41. Be2 Kh6 42.
Qd2 Kg7 43. Qd4 Nd7 44. Re4 Qd8 45. Re6 Nc5 46. h6+ Kxh6 47. Rexf6 Nxb3 48. Qf4
Qxf6 49. Qxf6 Rxf6 50. Rxf6 Re5 51. Bd1 Nd2 52. Rxd6 Re1 53. Bc2 Re2+ 54. Kh3
Nf1 0-1

[Event "Isle of Man Open"]
[Site "Douglas"]
[Date "28.10.2018"]
[Round "9.44"]
[White "Anurag, Mhamal"]
[Black "Guramishvili, Sopiko"]
[Result "1-0"]
[WhiteTitle "GM"]
[BlackTitle "IM"]
[WhiteElo "2495"]
[BlackElo "2378"]
[WhiteFideId "5024366"]
[BlackFideId "13602888"]
[EventDate "2018.10.20"]

1. Nf3 d5 2. g3 Nf6 3. Bg2 e6 4. O-O Be7 5. d3 O-O 6. Nbd2 c5 7. e4 Nc6 8. Re1
b5 9. exd5 Nxd5 10. a4 b4 11. Nc4 Bb7 12. Nfe5 Nxe5 13. Nxe5 Qc7 14. Qg4 Bf6 15.
Nc4 Rad8 16. Bg5 Bxg5 17. Qxg5 Ba6 18. Qe5 Qc8 19. Re4 Ne7 20. Qh5 Rd5 21. Qh3
Nf5 22. Ne3 Rd4 23. Nxf5 exf5 24. Re7 c4 25. Rxa7 cxd3 26. cxd3 Qe6 27. a5 Bxd3
28. Bf1 Be4 29. Qh5 Rd2 30. Qg5 Rxb2 31. Rd1 Rb1 32. Rxb1 Bxb1 33. Rb7 Qe4 34.
a6 Ra8 35. Qe3 b3 36. Qxb3 1-0

[Event "Isle of Man Open"]
[Site "Douglas"]
[Date "28.10.2018"]
[Round "9.45"]
[White "Bulmaga, Irina"]
[Black "Harsha, Bharathakoti"]
[Result "1/2-1/2"]
[WhiteTitle "IM"]
[BlackTitle "IM"]
[WhiteElo "2402"]
[BlackElo "2492"]
[WhiteFideId "13903063"]
[BlackFideId "5078776"]
[EventDate "2018.10.20"]

1. e4 e5 2. Nf3 Nc6 3. Bb5 a6 4. Ba4 g6 5. c3 d6 6. d4 Bd7 7. dxe5 dxe5 8. Bb3
Bg7 9. O-O Nf6 10. Re1 O-O 11. Bg5 Qe7 12. Nbd2 Rad8 13. Nc4 h6 14. Bh4 Qc5 15.
Qc1 b5 16. Bxf6 Bxf6 17. Ne3 Bg7 18. Nd5 Na5 19. Bc2 Nc4 20. b3 c6 21. Nb4 Nb6
22. Nxa6 Qxc3 23. b4 Bc8 24. Re3 Qc4 25. Qb1 Qe6 26. Nc5 Qe7 27. Bb3 Rd6 28. Rd3
Rfd8 29. Rxd6 Rxd6 30. Qc2 Nd7 31. Nxd7 Bxd7 32. h3 Kh7 33. a4 bxa4 34. Rxa4 Be6
35. Bxe6 Qxe6 36. Ra5 Qd7 37. Kh2 Re6 38. Qc5 Qd3 39. Ra7 Rf6 40. Qe3 Qxe3 41.
fxe3 Bf8 42. Rb7 Kg7 43. Kg1 Re6 44. Nd2 Re7 45. Rb6 Ra7 46. Nc4 f6 1/2-1/2

[Event "Isle of Man Open"]
[Site "Douglas"]
[Date "28.10.2018"]
[Round "9.46"]
[White "Jackson, James P"]
[Black "Zumsande, Martin"]
[Result "0-1"]
[WhiteTitle "FM"]
[BlackTitle "IM"]
[WhiteElo "2371"]
[BlackElo "2492"]
[WhiteFideId "416860"]
[BlackFideId "4651324"]
[EventDate "2018.10.20"]

1. e4 e6 2. d4 d5 3. Nc3 Nf6 4. e5 Nfd7 5. f4 c5 6. Nf3 Nc6 7. Be3 cxd4 8. Nxd4
Qb6 9. Qd2 Qxb2 10. Rb1 Qa3 11. Bb5 Nxd4 12. Bxd4 a6 13. Bxd7+ Bxd7 14. Rxb7 Bb4
15. O-O Bc8 16. Rxb4 Qxb4 17. f5 exf5 18. a3 Qc4 19. e6 Bxe6 20. Qe3 Kd7 21.
Bxg7 Rhg8 22. Be5 Rac8 23. Rb1 Ke8 24. Rb4 d4 25. Bxd4 Qc6 26. g3 Rg4 27. Qe5
Rxd4 0-1

[Event "Isle of Man Open"]
[Site "Douglas"]
[Date "28.10.2018"]
[Round "9.47"]
[White "Henderson de La Fuente, Lance"]
[Black "Erenberg, Ariel"]
[Result "1-0"]
[WhiteTitle "IM"]
[BlackTitle "IM"]
[WhiteElo "2484"]
[BlackElo "2407"]
[WhiteFideId "32096585"]
[BlackFideId "2811634"]
[EventDate "2018.10.20"]

1. e4 e5 2. Nf3 Nc6 3. Bb5 a6 4. Ba4 Nf6 5. O-O Be7 6. Re1 b5 7. Bb3 d6 8. c3
O-O 9. h3 Na5 10. Bc2 c5 11. d4 Nd7 12. a4 Bb7 13. d5 Qc7 14. b3 c4 15. b4 Nb3
16. Bxb3 cxb3 17. Qxb3 f5 18. axb5 axb5 19. Na3 fxe4 20. Ng5 Bxg5 21. Bxg5 Nb6
22. Nxb5 Qd7 23. c4 h6 24. Be3 Nxd5 25. Nxd6 Nxe3 26. c5+ Nd5 27. Rad1 Kh8 28.
Nxb7 Qxb7 29. Qxd5 Qxb4 30. Rxe4 Qb2 31. Qd2 Qb3 32. Re2 Ra2 33. Qe1 e4 34. Rc1
Rxe2 35. Qxe2 Qa3 36. Qe3 Qb2 37. c6 Rxf2 38. c7 Rxg2+ 39. Kf1 Rf2+ 40. Ke1 Re2+
41. Kd1 Rxe3 42. c8=Q+ Kh7 43. Qf5+ g6 44. Rc7+ Qg7 45. Rxg7+ Kxg7 46. Qe5+ Kh7
47. Qc7+ 1-0

[Event "Isle of Man Open"]
[Site "Douglas"]
[Date "28.10.2018"]
[Round "9.48"]
[White "Cramling, Pia"]
[Black "Vaishali, R"]
[Result "1-0"]
[WhiteTitle "GM"]
[BlackTitle "WIM"]
[WhiteElo "2465"]
[BlackElo "2313"]
[WhiteFideId "1700030"]
[BlackFideId "5091756"]
[EventDate "2018.10.20"]

1. Nf3 d5 2. d4 Bf5 3. c4 e6 4. Nc3 Nc6 5. cxd5 exd5 6. Bf4 Nf6 7. e3 Bd6 8. Bg5
Be6 9. Be2 O-O 10. O-O Be7 11. Bxf6 Bxf6 12. Na4 b6 13. Qc2 Ne7 14. Rac1 c6 15.
b4 Rc8 16. Rfd1 Nf5 17. Ba6 Rc7 18. Bd3 g6 19. h3 Qe7 20. Qb1 Nd6 21. Nc3 Rfc8
22. Ba6 Rd8 23. Bf1 h5 24. a4 Kg7 25. b5 Rdc8 26. bxc6 Rxc6 27. Na2 Rxc1 28.
Rxc1 Rxc1 29. Qxc1 Ne4 30. Bb5 Bd7 31. Nd2 Bxb5 32. axb5 Nxd2 33. Qxd2 Qa3 34.
Qc2 Be7 35. g3 a5 36. Nc3 Qd6 37. Qa2 h4 38. g4 Bd8 39. Qxd5 Qb4 40. Qxd8 Qxc3
41. Qxb6 a4 42. Qa7 Qb3 43. d5 Qb1+ 44. Kh2 Qb2 45. Kg2 Qxb5 46. Qd4+ Kg8 47. d6
Qd7 48. Qe5 a3 49. Qe7 Qc6+ 50. e4 a2 51. d7 Qxd7 52. Qxd7 a1=Q 53. Qd8+ Kg7 54.
Qxh4 Qe5 55. g5 Qd4 56. Qf4 Qd3 57. Qe5+ Kg8 58. Qd5 Qe2 59. Qd8+ Kg7 60. Qf6+
Kg8 61. Qe5 Qd3 62. h4 Qe2 63. Qf4 Kg7 64. Qf3 Qd2 65. Qf6+ Kg8 66. h5 Qd1 67.
Qf3 Qd2 68. hxg6 fxg6 69. Qf6 Kh7 70. Qf7+ Kh8 71. Qf8+ Kh7 72. Qh6+ 1-0

[Event "Isle of Man Open"]
[Site "Douglas"]
[Date "28.10.2018"]
[Round "9.49"]
[White "Batsiashvili, Nino"]
[Black "Serarols Mabras, Bernat"]
[Result "1-0"]
[WhiteTitle "GM"]
[BlackTitle "FM"]
[WhiteElo "2482"]
[BlackElo "2367"]
[WhiteFideId "13602993"]
[BlackFideId "2238276"]
[EventDate "2018.10.20"]

1. Nf3 d5 2. c4 d4 3. b4 f6 4. Na3 e5 5. Nc2 a5 6. b5 Bc5 7. d3 Ne7 8. g3 b6 9.
Bg2 Bb7 10. O-O O-O 11. e3 dxe3 12. fxe3 e4 13. Nfd4 exd3 14. Bxb7 dxc2 15. Qd3
Ra7 16. Be4 f5 17. Nxf5 Nxf5 18. Rxf5 Qxd3 19. Rxf8+ Kxf8 20. Bxd3 Nd7 21. Bxc2
Ne5 22. Bxh7 Nxc4 23. Kg2 Ra8 24. e4 Kf7 25. Bf5 Re8 26. Bg5 g6 27. Rc1 gxf5 28.
Rxc4 fxe4 29. Kf1 Kg6 30. Bf4 Kf5 31. Bxc7 Kg4 32. Ke2 Kh3 33. Rxc5 bxc5 34. b6 1-0

[Event "Isle of Man Open"]
[Site "Douglas"]
[Date "28.10.2018"]
[Round "9.50"]
[White "Hoefelsauer, Thomas"]
[Black "Kolosowski, Mateusz"]
[Result "1/2-1/2"]
[WhiteTitle "FM"]
[BlackTitle "IM"]
[WhiteElo "2380"]
[BlackElo "2448"]
[WhiteFideId "24668842"]
[BlackFideId "1129708"]
[EventDate "2018.10.20"]

1. c4 g6 2. Nc3 c5 3. Nf3 Bg7 4. g3 Nc6 5. Bg2 e6 6. d4 cxd4 7. Nb5 d5 8. cxd5
exd5 9. O-O Nge7 10. Bf4 O-O 11. Nc7 Rb8 12. Nb5 Ra8 13. Nc7 Rb8 14. Nb5 Ra8 15.
Nc7 1/2-1/2

[Event "Isle of Man Open"]
[Site "Douglas"]
[Date "28.10.2018"]
[Round "9.51"]
[White "Sadhwani, Raunak"]
[Black "Karavade, Eesha"]
[Result "1-0"]
[WhiteTitle "IM"]
[BlackTitle "IM"]
[WhiteElo "2438"]
[BlackElo "2374"]
[WhiteFideId "35093487"]
[BlackFideId "5012600"]
[EventDate "2018.10.20"]

1. e4 c5 2. Na3 Nc6 3. Bb5 e6 4. Bxc6 bxc6 5. e5 Qg5 6. Nf3 Qxg2 7. Rg1 Qh3 8.
d3 Ne7 9. Nc4 Nf5 10. Bd2 Ba6 11. Qe2 Bxc4 12. dxc4 Nd4 13. Nxd4 cxd4 14. O-O-O
Rb8 15. Rg3 Qf5 16. Rdg1 h6 17. h4 d6 18. f4 dxe5 19. fxe5 Bb4 20. Bxb4 Rxb4 21.
Rf1 Qh7 22. Qg2 Rxc4 23. Rxg7 Rxc2+ 24. Qxc2 Qxg7 25. Qxc6+ Ke7 26. Qc7+ Ke8 27.
Qb8+ Ke7 28. Qxa7+ Ke8 29. Qxd4 Qg2 30. Rd1 Qc6+ 31. Kb1 Qc7 32. Qa4+ Kf8 33.
Qa8+ 1-0

[Event "Isle of Man Open"]
[Site "Douglas"]
[Date "28.10.2018"]
[Round "9.52"]
[White "Ladron De Guevara Pinto, Paolo"]
[Black "Arakhamia-Grant, Ketevan"]
[Result "1-0"]
[WhiteTitle "IM"]
[BlackTitle "GM"]
[WhiteElo "2427"]
[BlackElo "2345"]
[WhiteFideId "2290847"]
[BlackFideId "13600168"]
[EventDate "2018.10.20"]

1. e4 c5 2. Nf3 Nc6 3. d4 cxd4 4. Nxd4 e5 5. Nb5 d6 6. c4 Be7 7. N1c3 a6 8. Na3
Be6 9. Bd3 Nf6 10. Nc2 Rc8 11. Ne3 O-O 12. O-O Nd7 13. Ncd5 Bg5 14. b3 g6 15.
Kh1 Nc5 16. Bb2 Ne7 17. f4 Bxd5 18. exd5 exf4 19. Ng4 f5 20. Nf2 Bf6 21. Bxf6
Rxf6 22. Nh3 Nd7 23. Nxf4 Ne5 24. Qd2 Qb6 25. Ne6 Re8 26. Rae1 N7c6 27. Bb1 Nf7
28. g4 Nce5 29. gxf5 gxf5 30. Bxf5 Kh8 31. Bc2 Rxf1+ 32. Rxf1 Rg8 33. Qf4 Rg4
34. Qf5 Rg6 35. Qh3 Rh6 36. Qg3 Rg6 37. Bxg6 hxg6 38. Qh4+ 1-0